|
|
|
|
| LEADER |
01093nam a2200325 4500 |
| 001 |
000007746 |
| 003 |
3911 |
| 005 |
20120529150551.0 |
| 008 |
111011s2005 viesd |
| 020 |
|
|
|c 15300đ
|
| 041 |
0 |
|
|a vie
|
| 082 |
|
|
|a 495.9225
|b ĐI-L
|
| 100 |
0 |
|
|a Đinh Trọng Lạc
|e Tác giả
|
| 245 |
|
0 |
|a 99 Phương Tiện Và Biện Pháp Tu Từ Tiếng Việt
|c Đinh Trọng Lạc
|
| 250 |
|
|
|a Tái bản lần thứ tám
|
| 260 |
|
|
|a H.
|b Giáo Dục
|c 2005
|
| 300 |
|
|
|a 243 tr.
|c 19 cm
|
| 653 |
|
|
|a Phương tiên
|
| 653 |
|
|
|a Biện pháp tu từ tiếng việt
|
| 910 |
|
|
|a Đỗ Phú Quý
|d 11/10/2011
|
| OWN |
|
|
|a LSP
|
| AVA |
|
|
|a UDN50
|b LSP
|d 495.9225 ĐI-L
|e available
|t Error 5001 Not defined in file expand_doc_bib_avail.
|f 3
|g 1
|h N
|i 0
|k 1
|
| 999 |
|
|
|a From the UDN01
|
| AVA |
|
|
|a UDN50
|b LSP
|d 495.9225 ĐI-L
|e available
|t Error 5001 Not defined in file expand_doc_bib_avail.
|f 3
|g 1
|h N
|i 0
|k 1
|
| TYP |
|
|
|a Monograph
|
| TYP |
|
|
|a Printed language
|
| 980 |
|
|
|a Mạng thư viện Đại học Đà Nẵng
|